<?xml version="1.0" encoding="UTF-8"?>
<marc:record xmlns:marc="http://www.loc.gov/MARC21/slim">
   <marc:leader>00000nam a2200000 a 4500</marc:leader>
   <marc:datafield ind1="1" ind2=" " tag="100">
      <marc:subfield code="a">Riordan, Rick</marc:subfield>
      <marc:subfield code="4">aut</marc:subfield>
      <marc:subfield code="e">Verfasser/-in</marc:subfield>
   </marc:datafield>
   <marc:datafield ind1="0" ind2="0" tag="245">
      <marc:subfield code="a">Percy Jackson</marc:subfield>
   </marc:datafield>
   <marc:datafield ind1="0" ind2="0" tag="245">
      <marc:subfield code="b">Auf Monsterjagd mit den Geschwistern Kane</marc:subfield>
   </marc:datafield>
   <marc:datafield ind1=" " ind2="1" tag="264">
      <marc:subfield code="b">Carlsen</marc:subfield>
      <marc:subfield code="c">2017</marc:subfield>
   </marc:datafield>
   <marc:datafield ind1="1" ind2=" " tag="520">
      <marc:subfield code="a">Die Welten der alten Götter überlappen sich - und es gibt böse Mächte, die sich das zunutze machen wollen! Zum Glück treffen Percy und Annabeth angesichts der neuen Gefahren auf die Geschwister Kane, Nachkommen eines mächtigen Pharaos. Denn sie brauchen die Magie beider Welten, der griechischen und der ägyptischen, um das Böse abzuwehren. Neue Monster und ganz neue Abenteuer warten auf sie! Enthält drei actiongeladene Geschichten aus der Welt der Mythologie: Der Sohn des Sobek; Der Zauberstab des Serapis; Die Krone des Ptolemäus.</marc:subfield>
   </marc:datafield>
   <marc:datafield ind1=" " ind2=" " tag="020">
      <marc:subfield code="a">9783551556837</marc:subfield>
      <marc:subfield code="9">9783551556837</marc:subfield>
   </marc:datafield>
</marc:record>
